Administración de Personal

Bibliographic Details
Main Author: Dessler, Gary
Format: Section = Libro
Language:Undetermined
Spanish
Published: México Prentice Hall 1991
Edition:4a.ed.
Subjects:
LEADER 00650nam a2200229Ia 4500
008 240829s9999 xx 000 0 und d
020 |a 968-880-191-7 
040 |a BIBLIOTECA-RUPAP 658.3 D475 
041 |a spa 
082 |a 658.3 D475 
100 1 |a Dessler, Gary 
245 1 0 |a Administración de Personal 
250 |a 4a.ed. 
260 |a México  |b Prentice Hall  |c 1991 
300 |a 812 p. :il. 
650 7 |a ADMINISTRACIÓN DE PERSONAL 
650 7 |b  ADMINISTRACION DE LA PRODUCCIÓN 
650 7 |c  SEGURIDAD Y BIENESTAR DEL PERSONAL 
650 7 |d  ADMINISTRACION DE RECURSOS HUMANOS. I. Tít. 
942 |c BK  |2 ddc 
991 |a TEXTO 
999 |c 9960